Tìm hiểu môn học chính trị : (Dưới dạng hỏi và đáp)

محفوظ في:
التفاصيل البيبلوغرافية
المؤلف الرئيسي: Phạm, Quốc Trung
التنسيق: كتاب
اللغة:Undetermined
منشور في: Hà Nội Lý luận Chính trị 2005
الموضوعات:
الوسوم: إضافة وسم
لا توجد وسوم, كن أول من يضع وسما على هذه التسجيلة!
Thư viện lưu trữ: Trung tâm Học liệu Trường Đại học Cần Thơ
LEADER 00596nam a2200205Ia 4500
001 CTU_104415
008 210402s9999 xx 000 0 und d
020 |c 16500 
082 |a 320.01 
082 |b Tr513 
100 |a Phạm, Quốc Trung 
245 0 |a Tìm hiểu môn học chính trị : 
245 0 |b (Dưới dạng hỏi và đáp) 
245 0 |c Phạm Quốc Trung 
260 |a Hà Nội 
260 |b Lý luận Chính trị 
260 |c 2005 
650 |a Political science 
910 |a Vương 
980 |a Trung tâm Học liệu Trường Đại học Cần Thơ